[Event "zonal 1.3 (w)"]
[Site "Linkoping SWE"]
[Date "1995.02.??"]
[Round "6"]
[White "Berntsen, Sheila Barth"]
[Black "Johansson, Viktoria"]
[Result "1-0"]
[WhiteElo "2115"]
[BlackElo "2140"]
[EventDate "1995.02.04"]
[PlyCount "80"]

1.d4 g6 2.c4 Bg7 3.Nc3 d6 4.Bf4 Nd7 5.Nf3 e5 6.Bg3 Nh6 7.h3 O-O 8.dxe5 
dxe5 9.e3 c6 10.Qc2 Qe7 11.Be2 Nf5 12.Bh2 Nc5 13.Nd2 a5 14.O-O Nd6 15.b3 
f5 16.a3 f4 17.b4 axb4 18.axb4 Rxa1 19.Rxa1 Ne6 20.c5 Nf5 21.Nc4 Nh4 22.
Bf1 Ng5 23.f3 fxe3 24.Ne4 Nxe4 25.Qxe4 Qg5 26.Kh1 e2 27.Qxe2 e4 28.f4 Qe7 
29.Re1 Bf5 30.g3 Nf3 31.Qxf3 exf3 32.Rxe7 f2 33.Nd6 Bc2 34.Bc4+ Kh8 35.Kg2
Bd4 36.Nf7+ Kg7 37.Ng5+ Kf6 38.Re6+ Kg7 39.Rd6 Be3 40.Ne6+ Kh8 1-0

[Event "zonal 1.3 (w)"]
[Site "Linkoping SWE"]
[Date "1995.02.??"]
[Round "6"]
[White "Hoiberg, Nina"]
[Black "Stewart, Tanya"]
[Result "1/2-1/2"]
[WhiteElo "2260"]
[BlackElo "2050"]
[EventDate "1995.02.04"]
[PlyCount "137"]

1.e4 c5 2.Nf3 e6 3.d4 cxd4 4.Nxd4 Nf6 5.Nc3 d6 6.Be2 a6 7.a4 Be7 8.O-O Nc6
9.Be3 O-O 10.Kh1 Qc7 11.f4 Nxd4 12.Qxd4 e5 13.Qd2 b6 14.Bf3 Bb7 15.Qf2 Bc6
16.Bxb6 Qb7 17.fxe5 dxe5 18.Rfe1 Bb4 19.Bc5 Bxc3 20.bxc3 Rfe8 21.Rab1 Qc8 
22.a5 Rb8 23.Bb4 Qb7 24.Qh4 Red8 25.Re3 Rd7 26.Qe1 Bb5 27.h3 Rc8 28.Be2 
Bxe2 29.Rxe2 Qc6 30.Qg3 Qe6 31.Qe3 Nh5 32.Rbe1 h6 33.Kh2 Qg6 34.g3 Rcd8 
35.Rf1 Rd1 36.Rf5 Nf6 37.Be7 R8d7 38.Bxf6 gxf6 39.Qf3 R7d2 40.Rf2 Rxf2+ 
41.Qxf2 Rd6 42.Qe2 Kh7 43.c4 Qg8 44.c5 Rc6 45.Qf2 Qg6 46.g4 Qg7 47.Kg3 Qg6
48.h4 Kg8 49.Kh3 Qg7 50.Qe3 Kh7 51.Qf2 Kg8 52.c3 Qg6 53.Qg1 Kg7 54.Qe3 Kh7
55.c4 Qg7 56.Qf2 Kg8 57.Qd2 Rxc5 58.Qd8+ Kh7 59.Qxf6 Qxf6 60.Rxf6 Kg7 61.
Rxa6 Rxc4 62.Rb6 Rxe4 63.a6 Re3+ 64.Kg2 Ra3 65.Kf2 h5 66.g5 Ra4 67.Rb5 
Rxa6 68.Rxe5 f6 69.gxf6+ 1/2-1/2

[Event "zonal 1.3 (w)"]
[Site "Linkoping SWE"]
[Date "1995.02.??"]
[Round "6"]
[White "Paasikangas, Johanna"]
[Black "Guindy, Esmat"]
[Result "1-0"]
[WhiteElo "2140"]
[BlackElo "2045"]
[EventDate "1995.02.04"]
[PlyCount "79"]

1.d4 d5 2.c4 e6 3.Nc3 Be7 4.Nf3 Nf6 5.e3 O-O 6.b3 c5 7.Bd3 Nc6 8.O-O cxd4 
9.exd4 b6 10.h3 Bb7 11.Be3 Rc8 12.a3 Na5 13.Nd2 Qd7 14.Qe2 Rfd8 15.f4 Qc7 
16.Nb5 Qb8 17.f5 dxc4 18.bxc4 e5 19.d5 a6 20.Nc3 b5 21.Bb6 bxc4 22.Be4 
Bc5+ 23.Bxc5 Rxc5 24.Rab1 Qc8 25.Rb6 Nxd5 26.Bxd5 Bxd5 27.f6 Rc6 28.Rxc6 
Qxc6 29.Qxe5 Qd6 30.Qg5 g6 31.Rf2 Kh8 32.h4 Nb3 33.h5 Nxd2 34.Rxd2 Qb6+ 
35.Kh2 Bb7 36.Re2 Qd6+ 37.Kh1 Qxa3 38.hxg6 Qxc3 39.gxf7 Bxg2+ 40.Kxg2 1-0

[Event "zonal 1.3 (w)"]
[Site "Linkoping SWE"]
[Date "1995.02.??"]
[Round "6"]
[White "Walta, Paivi"]
[Black "Johnsen, Sylvia"]
[Result "0-1"]
[WhiteElo "2015"]
[BlackElo "2050"]
[EventDate "1995.02.04"]
[PlyCount "64"]

1.e4 g6 2.d4 c6 3.c4 Bg7 4.Nc3 d6 5.Be3 Nf6 6.f3 O-O 7.Bd3 e5 8.Nge2 a5 9.
Qd2 Nbd7 10.Rd1 Qe7 11.Bc2 Re8 12.d5 c5 13.Ba4 Rf8 14.Bg5 Nb6 15.Bb5 h5 
16.Na4 Qc7 17.Nxb6 Qxb6 18.Nc3 Qc7 19.O-O Nh7 20.Bh6 f5 21.Bxg7 Kxg7 22.
Rde1 f4 23.Ra1 g5 24.a3 g4 25.fxg4 hxg4 26.Qf2 Ng5 27.Ba4 Rh8 28.Qd2 Qf7 
29.Bd1 Qh5 30.h3 Qh4 31.hxg4 Qh2+ 32.Kf2 Qg3+ 0-1

[Event "zonal 1.3 (w)"]
[Site "Linkoping SWE"]
[Date "1995.02.??"]
[Round "7"]
[White "Guindy, Esmat"]
[Black "Hoiberg, Nina"]
[Result "1/2-1/2"]
[WhiteElo "2045"]
[BlackElo "2260"]
[EventDate "1995.02.04"]
[PlyCount "89"]

1.d4 g6 2.e4 Bg7 3.Nf3 d6 4.c3 Nd7 5.Bd3 e5 6.O-O Ngf6 7.Nbd2 O-O 8.Re1 c6
9.Nb3 Qc7 10.h3 a6 11.Be3 Re8 12.dxe5 dxe5 13.a4 c5 14.c4 a5 15.Nfd2 b6 
16.Nb1 Nf8 17.Nc3 Ba6 18.Nd5 Qb7 19.Nc1 Ne6 20.Na2 Nxd5 21.cxd5 c4 22.dxe6
cxd3 23.exf7+ Qxf7 24.Nc3 Bf8 25.Nd5 Bc5 26.Rc1 Rab8 27.b3 Rec8 28.Qd2 Ba3
29.Rxc8+ Rxc8 30.Qa2 Bb4 31.Rc1 Rxc1+ 32.Bxc1 Bb7 33.Nxb4 axb4 34.Qb2 Qc7 
35.f3 Qc5+ 36.Kh2 Qc3 37.Qd2 Bc8 38.Qg5 Kf7 39.Qh6 Ke6 40.Bd2 Qxb3 41.Qf8 
Kd7 42.Bxb4 Qe6 43.a5 bxa5 44.Bxa5 Qe7 45.Qxe7+ 1/2-1/2

[Event "zonal 1.3 (w)"]
[Site "Linkoping SWE"]
[Date "1995.02.??"]
[Round "7"]
[White "Jiretorn, Eva"]
[Black "Berntsen, Sheila Barth"]
[Result "0-1"]
[WhiteElo "2170"]
[BlackElo "2115"]
[EventDate "1995.02.04"]
[PlyCount "162"]

1.d4 c5 2.dxc5 e6 3.Nc3 Nf6 4.Bf4 Qa5 5.a3 Qxc5 6.e3 d6 7.Nf3 Be7 8.Nd2 
O-O 9.Bd3 Nbd7 10.Nde4 Qb6 11.Nxd6 e5 12.Nc4 Qc6 13.Nxe5 Nxe5 14.Bxe5 Qxg2
15.Rf1 Bh3 16.Bg3 Ng4 17.Nd5 Bg5 18.Nf4 Bxf4 19.Bxf4 Rad8 20.f3 Nxe3 21.
Bxe3 Rfe8 22.Qd2 Rxd3 23.Qxd3 Qxf1+ 24.Qxf1 Bxf1 25.Kf2 Ba6 26.Rd1 f5 27.
Rd2 h6 28.Bxa7 f4 29.b4 g5 30.a4 Bc4 31.Bb6 Re6 32.Bd4 Kf7 33.b5 Kg6 34.
Bc5 Kh5 35.Bf8 Kh4 36.Bb4 Kh3 37.Rd4 Re2+ 38.Kf1 Rxc2+ 39.Ke1 Bb3 40.Rd6 
h5 41.Rh6 Kh4 42.Kf1 Bc4+ 43.Kg1 Re2 44.Bc5 g4 45.Rh7 Kg5 46.Rxb7 gxf3 47.
Bf2 Rc2 48.Re7 Be2 49.Be1 Kf6 50.Re4 Kf5 51.Rd4 Rc8 52.Rd5+ Kf6 53.h4 Bc4 
54.Rxh5 Re8 55.Bf2 Rd8 56.Rh6+ Kf7 57.Rc6 Rg8+ 58.Kh1 Bd5 59.Rc5 Ke6 60.
Rc1 Rg2 61.Bg1 f2 62.Bxf2 Rxf2+ 63.Kg1 Rg2+ 64.Kf1 Ra2 65.h5 Rxa4 66.h6 
Ra7 67.Ke2 Rh7 68.Ra1 Kf5 69.Ra6 Be6 70.Kd3 Rxh6 71.Kd4 Rh1 72.b6 Rb1 73.
Kc5 f3 74.Ra8 Kf4 75.Ra4+ Kg3 76.Ra3 Kg2 77.Re3 f2 78.Rxe6 f1=Q 79.Rg6+ 
Kh3 80.Kc6 Qc4+ 81.Kb7 Qf7+ 0-1

[Event "zonal 1.3 (w)"]
[Site "Linkoping SWE"]
[Date "1995.02.??"]
[Round "7"]
[White "Johansson, Viktoria"]
[Black "Walta, Paivi"]
[Result "1-0"]
[WhiteElo "2140"]
[BlackElo "2015"]
[EventDate "1995.02.04"]
[PlyCount "59"]

1.d4 Nf6 2.c4 c5 3.d5 b5 4.cxb5 a6 5.b6 g6 6.Nc3 Bg7 7.e4 d6 8.a4 Qxb6 9.
a5 Qd8 10.Bc4 O-O 11.Nge2 Nbd7 12.f4 Ne8 13.O-O Nc7 14.Qd3 Rb8 15.Ra2 Nf6 
16.Kh1 Qd7 17.b3 Nb5 18.Na4 Qa7 19.Be3 Bg4 20.Ng3 Ne8 21.f5 h5 22.h3 h4 
23.hxg4 hxg3 24.g5 Be5 25.Bf4 Bxf4 26.Rxf4 Kg7 27.Qxg3 Nd4 28.fxg6 fxg6 
29.Rxf8 Kxf8 30.Rf2+ 1-0

[Event "zonal 1.3 (w)"]
[Site "Linkoping SWE"]
[Date "1995.02.??"]
[Round "7"]
[White "Johnsen, Sylvia"]
[Black "Paasikangas, Johanna"]
[Result "0-1"]
[WhiteElo "2050"]
[BlackElo "2140"]
[EventDate "1995.02.04"]
[PlyCount "78"]

1.e4 c5 2.c3 Nf6 3.e5 Nd5 4.Nf3 d6 5.Bc4 dxe5 6.Nxe5 e6 7.O-O Bd6 8.d4 O-O
9.Qe2 Nd7 10.Re1 b6 11.Nxd7 Bxd7 12.dxc5 bxc5 13.Na3 Qh4 14.g3 Qf6 15.Nb5 
Bb8 16.Bd3 a6 17.Na3 Bc6 18.Nc4 Ra7 19.Qg4 h6 20.Qe4 Rd8 21.Bc2 g6 22.Qe2 
e5 23.Bxh6 Kh7 24.Qh5 Kg8 25.Qe2 Re8 26.Na5 Ba8 27.Qg4 Qd8 28.Nc4 Nf6 29.
Qd1 Qc8 30.f3 e4 31.Nd6 Bxd6 32.Qxd6 Re6 33.Qf4 Nh5 34.Qh4 exf3 35.Rxe6 
Qxe6 36.Qd8+ Kh7 37.Qd2 f2+ 38.Kxf2 Qc6 39.Rg1 Qf3+ 0-1

[Event "zonal 1.3 (w)"]
[Site "Linkoping SWE"]
[Date "1995.02.??"]
[Round "7"]
[White "Stewart, Tanya"]
[Black "Berg, Susanne"]
[Result "1/2-1/2"]
[WhiteElo "2050"]
[BlackElo "2085"]
[EventDate "1995.02.04"]
[PlyCount "104"]

1.e4 b6 2.d4 Bb7 3.Nc3 Nf6 4.e5 Nd5 5.Nxd5 Bxd5 6.Nf3 e6 7.Be2 Be7 8.O-O 
O-O 9.c4 Bb7 10.b3 d5 11.Qd3 dxc4 12.bxc4 c5 13.Ba3 Na6 14.h4 cxd4 15.Ng5 
g6 16.Bxe7 Qxe7 17.Qxd4 h6 18.Nh3 Rad8 19.Qg4 Nc5 20.h5 Be4 21.hxg6 fxg6 
22.Nf4 Kh7 23.Rad1 Rxd1 24.Rxd1 Qf7 25.Nh3 Bf5 26.Qf3 Bxh3 27.Qxf7+ Rxf7 
28.gxh3 Rf5 29.Rd6 Rxe5 30.Bd3 Kg7 31.Kf1 Rh5 32.Kg2 Kf6 33.Bc2 Re5 34.Rd8
Re2 35.Bb3 Rb2 36.Ra8 a6 37.Rb8 Nd3 38.Rxb6 Rxf2+ 39.Kg3 Rf1 40.Rxa6 h5 
41.Rd6 Nc5 42.Rc6 Ne4+ 43.Kg2 Rf5 44.Kg1 Ra5 45.Kg2 Ke5 46.h4 g5 47.hxg5 
Nxg5 48.c5 h4 49.Rc8 Kd4 50.c6 h3+ 51.Kg3 Rc5 52.c7 Ke5 1/2-1/2

[Event "zonal 1.3 (w)"]
[Site "Linkoping SWE"]
[Date "1995.02.??"]
[Round "8"]
[White "Berg, Susanne"]
[Black "Berntsen, Sheila Barth"]
[Result "1-0"]
[WhiteElo "2085"]
[BlackElo "2115"]
[EventDate "1995.02.04"]
[PlyCount "149"]

1.e4 a6 2.d4 b5 3.c4 bxc4 4.Bxc4 e6 5.Nc3 Bb7 6.d5 Bb4 7.Qb3 a5 8.a3 Bxc3+
9.bxc3 Ba6 10.Nf3 Nf6 11.Bxa6 Nxa6 12.Qc4 exd5 13.exd5 Qe7+ 14.Be3 Qd6 15.
Rd1 O-O 16.O-O Rfe8 17.a4 Re4 18.Qb5 Ng4 19.Bd4 Nh6 20.Rfe1 Rg4 21.Be5 Qb6
22.h3 Rg6 23.Bd4 c5 24.Qxd7 Qd8 25.Qxd8+ Rxd8 26.Be3 Nf5 27.Bf4 h6 28.Ne5 
Rb6 29.Nc6 Ra8 30.Rb1 Rxb1 31.Rxb1 g5 32.Be5 c4 33.Rb5 f6 34.Bxf6 Nc7 35.
Rc5 Re8 36.Be5 Na8 37.Rxa5 Nb6 38.Ra7 Nxd5 39.g4 Nfe7 40.Nxe7+ Nxe7 41.Bd4
Nc6 42.Rg7+ Kf8 43.Rc7 Nxd4 44.cxd4 Re1+ 45.Kg2 Rc1 46.a5 Ra1 47.Rxc4 Rxa5
48.h4 gxh4 49.Kh3 Ra3+ 50.Kxh4 Rf3 51.Kh5 Kg7 52.Rc7+ Kf6 53.Rc6+ Kg7 54.
Rg6+ Kf7 55.Rxh6 Rxf2 56.d5 Rd2 57.d6 Kg7 58.g5 Rd4 59.Rg6+ Kf7 60.Rf6+ 
Kg7 61.Re6 Kf7 62.Re7+ Kf8 63.Rd7 Ke8 64.Ra7 Rxd6 65.g6 Rd1 66.Kh6 Rg1 67.
Kh7 Rh1+ 68.Kg8 Rg1 69.g7 Rg2 70.Ra4 Rh2 71.Re4+ Kd7 72.Kf7 Rf2+ 73.Kg6 
Rg2+ 74.Kf6 Kd8 75.Re5 1-0

[Event "zonal 1.3 (w)"]
[Site "Linkoping SWE"]
[Date "1995.02.??"]
[Round "8"]
[White "Hoiberg, Nina"]
[Black "Johnsen, Sylvia"]
[Result "1-0"]
[WhiteElo "2260"]
[BlackElo "2050"]
[EventDate "1995.02.04"]
[PlyCount "81"]

1.e4 g6 2.d4 c6 3.Nc3 d5 4.Nf3 Bg4 5.exd5 cxd5 6.h3 Bxf3 7.Qxf3 e6 8.Bf4 
a6 9.Be5 f6 10.Bg3 Nc6 11.Rd1 Nh6 12.Bd3 Nf7 13.Qe3 Qe7 14.O-O Bh6 15.Bf4 
g5 16.Bh2 O-O 17.Rfe1 Rae8 18.Qf3 Qd8 19.Ne2 Nb4 20.Ng3 Nxd3 21.Qxd3 Nd6 
22.Re2 Rf7 23.Rde1 Qd7 24.Nh5 Nf5 25.f4 gxf4 26.Bxf4 Bg7 27.c3 Nh4 28.Qg3 
Ng6 29.Bc1 Rfe7 30.Bh6 Bh8 31.Rf1 Rf7 32.Ref2 f5 33.Nf4 Qc7 34.Rf3 Rf6 35.
Nxd5 Qxg3 36.Nxf6+ Bxf6 37.Rxg3 Kf7 38.Bg5 Bg7 39.Rgf3 Kg8 40.Re1 b5 41.
Rxf5 1-0

[Event "zonal 1.3 (w)"]
[Site "Linkoping SWE"]
[Date "1995.02.??"]
[Round "8"]
[White "Stewart, Tanya"]
[Black "Guindy, Esmat"]
[Result "1/2-1/2"]
[WhiteElo "2050"]
[BlackElo "2045"]
[EventDate "1995.02.04"]
[PlyCount "69"]

1.e4 e6 2.d3 d5 3.Nd2 Nf6 4.Ngf3 c5 5.g3 Nc6 6.Bg2 b6 7.O-O Be7 8.e5 Nd7 
9.Re1 Qc7 10.Qe2 Bb7 11.Nf1 Nd4 12.Nxd4 cxd4 13.h4 Rc8 14.Qg4 g6 15.Qxd4 
Qxc2 16.Ne3 Qc7 17.Ng4 h5 18.Nh2 Qc2 19.b4 Qc3 20.Qxc3 Rxc3 21.Be3 Rxd3 
22.Bf1 Rc3 23.a3 O-O 24.Bd4 Rc2 25.Nf3 Rfc8 26.Bd3 R2c7 27.Bb2 a5 28.Nd4 
Bc6 29.Ba6 Re8 30.Rac1 Nb8 31.Bb5 Rec8 32.Nxc6 Nxc6 33.Ba6 Ra8 34.Bb5 Rac8
35.Ba6 1/2-1/2

[Event "zonal 1.3 (w)"]
[Site "Linkoping SWE"]
[Date "1995.02.??"]
[Round "8"]
[White "Walta, Paivi"]
[Black "Jiretorn, Eva"]
[Result "0-1"]
[WhiteElo "2015"]
[BlackElo "2170"]
[EventDate "1995.02.04"]
[PlyCount "80"]

1.e4 g6 2.d4 d6 3.c4 Bg7 4.Nc3 Nf6 5.f3 O-O 6.Be3 Nbd7 7.Bd3 c5 8.Nge2 
cxd4 9.Nxd4 e6 10.Qd2 d5 11.cxd5 exd5 12.O-O Ne5 13.Be2 dxe4 14.Nxe4 Nxe4 
15.fxe4 b6 16.Rad1 Bb7 17.Qb4 Qc8 18.Rc1 Qd7 19.Bb5 Qd8 20.Rcd1 Qb8 21.Bf4
Qc8 22.Rc1 Qd8 23.Rcd1 a5 24.Qe1 Qe7 25.Qe2 h5 26.h3 Rac8 27.Nb3 Rfd8 28.
Rxd8+ Rxd8 29.Qe3 Qe6 30.Kh1 Nc4 31.Qf2 Nxb2 32.Bg5 Rf8 33.Qe2 Qxe4 34.
Qxe4 Bxe4 35.Nd2 Bd5 36.Be7 Rc8 37.Ba3 Rc2 38.Nf3 Bxa2 39.Bxb2 Rxb2 40.Bd7
Bc4 0-1

[Event "zonal 1.3 (w)"]
[Site "Linkoping SWE"]
[Date "1995.02.??"]
[Round "9"]
[White "Berntsen, Sheila Barth"]
[Black "Walta, Paivi"]
[Result "1-0"]
[WhiteElo "2115"]
[BlackElo "2015"]
[EventDate "1995.02.04"]
[PlyCount "83"]

1.d4 Nf6 2.c4 c5 3.d5 b5 4.cxb5 a6 5.f3 g6 6.e4 d6 7.a4 Bg7 8.Na3 Nfd7 9.
Bc4 O-O 10.Ne2 axb5 11.axb5 Nb6 12.Bb3 Qc7 13.O-O N8d7 14.Kh1 Bb7 15.Qc2 
Rfc8 16.Bg5 c4 17.Ba2 Ne5 18.Nb1 Nd3 19.Nbc3 Kf8 20.Qd2 Ke8 21.Rad1 Nb4 
22.Bb1 Nd7 23.Nd4 Nc5 24.Nc6 Nb3 25.Qf4 Bxc6 26.dxc6 Nd4 27.Nd5 Qa5 28.
Nxe7 Be5 29.Qh4 Qxb5 30.Qxh7 Nbxc6 31.Nxc8 Ne6 32.Qg8+ Nf8 33.Nxd6+ Bxd6 
34.Rxd6 c3 35.Rfd1 Qxg5 36.Rxc6 cxb2 37.Qg7 Qb5 38.Qc3 Ne6 39.Rc8+ Rxc8 
40.Qxc8+ Ke7 41.Qc2 Nc5 42.h3 1-0

[Event "zonal 1.3 (w)"]
[Site "Linkoping SWE"]
[Date "1995.02.??"]
[Round "9"]
[White "Guindy, Esmat"]
[Black "Berg, Susanne"]
[Result "0-1"]
[WhiteElo "2045"]
[BlackElo "2085"]
[EventDate "1995.02.04"]
[PlyCount "66"]

1.d4 d5 2.c4 e6 3.Nc3 Nf6 4.cxd5 exd5 5.Bg5 Be7 6.e3 O-O 7.Bd3 Nbd7 8.Qc2 
h6 9.Bh4 b6 10.Nge2 c5 11.O-O Bb7 12.Rad1 a6 13.Bf5 c4 14.a4 Bc6 15.e4 b5 
16.e5 Ne8 17.Bxe7 Qxe7 18.Nf4 Nc7 19.Bh7+ Kh8 20.e6 Qd6 21.g3 Nxe6 22.Nxe6
Qxe6 23.Bf5 Qd6 24.Bxd7 Bxd7 25.b3 Rac8 26.Rc1 Rfe8 27.Rfe1 Rxe1+ 28.Rxe1 
Qb4 29.Rb1 cxb3 30.Rxb3 Qxd4 31.axb5 axb5 32.Qb2 Bh3 33.Rxb5 Qxc3 0-1

[Event "zonal 1.3 (w)"]
[Site "Linkoping SWE"]
[Date "1995.02.??"]
[Round "9"]
[White "Johnsen, Sylvia"]
[Black "Stewart, Tanya"]
[Result "1-0"]
[WhiteElo "2050"]
[BlackElo "2050"]
[EventDate "1995.02.04"]
[PlyCount "77"]

1.c4 Nf6 2.Nc3 g6 3.g3 Bg7 4.Bg2 O-O 5.Nf3 d6 6.O-O e5 7.d3 Nbd7 8.Rb1 c6 
9.b4 Re8 10.e4 a5 11.b5 Nf8 12.bxc6 bxc6 13.Ng5 h6 14.Nf3 Be6 15.Be3 Rb8 
16.Qa4 Qc7 17.Qa3 Ng4 18.Bd2 f5 19.Nh4 Kh7 20.h3 Nf6 21.Kh2 fxe4 22.Nxe4 
Nxe4 23.Bxe4 Rxb1 24.Rxb1 d5 25.cxd5 cxd5 26.Bg2 g5 27.Nf3 Qf7 28.Kg1 e4 
29.Ne1 Bd4 30.Be3 Bxe3 31.fxe3 Bf5 32.d4 Ng6 33.Qxa5 Rf8 34.Nc2 Qd7 35.Qa6
Rf7 36.Kh2 Bxh3 37.Bxh3 Rf2+ 38.Kg1 Rxc2 39.Bxd7 1-0